| 000 | 00501nam a2200157Ia 4500 | ||
|---|---|---|---|
| 008 | 210327s9999||||xx |||||||||||||| ||und|| | ||
| 040 | _cSTCPL | ||
| 041 | _hMAL | ||
| 082 |
_a894.812 8 _bBRO-U |
||
| 100 | _aBrophil Kattakkayam | ||
| 245 | 0 |
_aUcharana sasthradhyapakan _hഉച്ചാരണ ശാസ്ത്രാധ്യാപകന് |
|
| 260 |
_aTrichur _bPriya Publishers _c1977 |
||
| 300 | _a149 | ||
| 650 | _aGeneralकुन्पीपाक्क् , नोवल् | ||
| 942 | _cBK | ||
| 999 |
_c26621 _d26621 |
||